000 01196nam a22003255i 4500
001 153465
003 ES-MaACL
005 20231224062931.0
008 940301s1866 sp |||| | spa d
080 _a262.13(091)
080 _a327(450:456.31)"18"
080 _a94(450)
100 1 _aDíaz, Nicomedes Pastor,
_d1811-1863
_944150
245 1 0 _aItalia y Roma :
_bRoma sin el Papa /
_cpor Don Nicomedes-Pastor Díaz ; [prólogo por el marqués de Molins].
260 _aMadrid :
_b[s.n.],
_c1866 (
_fImp. de Manuel Tello)
300 _aXIII, 3-195, IV p. ;
_c19 cm.
490 1 _aObras de don Nicomedes-Pastor Díaz ;
_v1
510 4 _aPalau,
_c214608
530 _aDisponible en formato digital.
594 _aTítulo tomado de la p. 1.
597 _aAnteps.
650 0 4 _aPapas-
_xHistoria.
_915819
650 4 _aCuestión romana.
_9149871
651 4 _aItalia-
_xHistoria.
_98866
700 1 _aPuente y Apezechea, Fermín de la.
_994165
830 1 _aObras de don Nicomedes-Pastor Díaz ;
_v1
_9191194
852 _aES-MaACL
_jF-10792
856 _uhttp://bdh-rd.bne.es/viewer.vm?id=0000051531&page=1
_zBiblioteca Digital Hispánica
999 _c153465
_d153465